<?xml version="1.0" encoding="UTF-8"?><?xml-stylesheet type="text/xsl" href="static/style.xsl"?><OAI-PMH xmlns="http://www.openarchives.org/OAI/2.0/" xmlns:xsi="http://www.w3.org/2001/XMLSchema-instance" xsi:schemaLocation="http://www.openarchives.org/OAI/2.0/ http://www.openarchives.org/OAI/2.0/OAI-PMH.xsd"><responseDate>2026-04-27T13:46:44Z</responseDate><request verb="GetRecord" identifier="oai:uvadoc.uva.es:10324/4976" metadataPrefix="marc">https://uvadoc.uva.es/oai/request</request><GetRecord><record><header><identifier>oai:uvadoc.uva.es:10324/4976</identifier><datestamp>2021-09-23T09:17:55Z</datestamp><setSpec>com_10324_30605</setSpec><setSpec>com_10324_894</setSpec><setSpec>col_10324_41</setSpec></header><metadata><record xmlns="http://www.loc.gov/MARC21/slim" xmlns:doc="http://www.lyncode.com/xoai" xmlns:xsi="http://www.w3.org/2001/XMLSchema-instance" xmlns:dcterms="http://purl.org/dc/terms/" xsi:schemaLocation="http://www.loc.gov/MARC21/slim http://www.loc.gov/standards/marcxml/schema/MARC21slim.xsd">
<leader>00925njm 22002777a 4500</leader>
<datafield tag="042" ind1=" " ind2=" ">
<subfield code="a">dc</subfield>
</datafield>
<datafield tag="720" ind1=" " ind2=" ">
<subfield code="a">Pinto Sanz, Javier</subfield>
<subfield code="e">author</subfield>
</datafield>
<datafield tag="260" ind1=" " ind2=" ">
<subfield code="c">2014</subfield>
</datafield>
<datafield tag="520" ind1=" " ind2=" ">
<subfield code="a">Esta tesis se centra en la producción y estudio de de espumas poliméricas nanocelulares producidas a partir de materiales basados en PMMA (poli(metil metacrilato)), mediante la técnica de espumado por disolución de gas usando CO2. Se han caracterizado y relacionado la nanoestructuración de mezclas basadas en PMMA, inducida por la adición de un copolímero de bloque (MAM, poli(metil metacrilato)-co-poli(butil acrilato)-co-poli(metil metacrilato)), y la estructura celular de las espumas producidas a partir de esas mezclas; obteniéndose que la nanoestructuración actúa como patrón para la estructura celular, permitiendo obtener una amplia variedad de estructuras celulares y en particular de estructuras nanocelulares. Finalmente, se ha estudiado la influencia en las propiedades de las espumas de la transición entre el rango microcelular y el rango nanocelular; obteniéndose que hay una clara influencia sobre la conductividad térmica, y sobre la temperatura de transición vítrea.</subfield>
</datafield>
<datafield tag="024" ind2=" " ind1="8">
<subfield code="a">http://uvadoc.uva.es/handle/10324/4976</subfield>
</datafield>
<datafield tag="024" ind2=" " ind1="8">
<subfield code="a">b1675857</subfield>
</datafield>
<datafield tag="024" ind2=" " ind1="8">
<subfield code="a">10.35376/10324/4976</subfield>
</datafield>
<datafield ind1=" " ind2=" " tag="653">
<subfield code="a">Polímeros y polimerización</subfield>
</datafield>
<datafield ind1=" " ind2=" " tag="653">
<subfield code="a">Espumas</subfield>
</datafield>
<datafield tag="245" ind1="0" ind2="0">
<subfield code="a">Fabricación y caracterización de materiales poliméricos submicrocelulares a partir de polímeros nanoestructurados</subfield>
</datafield>
</record></metadata></record></GetRecord></OAI-PMH>